[Event "27. Torneo San Viator 2016 - Troneo B"]
[Site "Madrid ESP"]
[Date "2016.10.16"]
[Round "5.5"]
[White "Merino Araguas, Jose Javier"]
[Black "Cabello Rodriguez, Raul"]
[Result "1/2-1/2"]
[WhiteElo "1718"]
[BlackElo "1571"]
[PlyCount "44"]
[EventDate "2016.09.25"]
[EventType "swiss"]
[EventRounds "9"]
[EventCountry "ESP"]
[Source "lmi"]
[SourceDate "2016.09.25"]

1. d4 d5 2. Nf3 Nf6 3. c4 c6 4. cxd5 cxd5 5. Nc3 h6 6. Bf4 a6 7. e3 g6 8. Bd3
Bg7 9. O-O Nc6 10. Rc1 Nh5 11. Be5 Bg4 12. Bxg7 Nxg7 13. Qb3 Bxf3 14. gxf3 e5
15. Qxd5 exd4 16. Qe4+ Ne6 17. Ne2 O-O 18. f4 Re8 19. Bc4 Qf6 20. Qg2 dxe3 21.
fxe3 Ng7 22. e4 Re7 1/2-1/2

[Event "27. Torneo San Viator 2016 - Troneo B"]
[Site "Madrid ESP"]
[Date "2016.10.16"]
[Round "5.6"]
[White "Benitez Cadenas, Luis Miguel"]
[Black "Garcia Rojas, Juan Carlos"]
[Result "1/2-1/2"]
[WhiteElo "1645"]
[BlackElo "1514"]
[PlyCount "94"]
[EventDate "2016.09.25"]
[EventType "swiss"]
[EventRounds "9"]
[EventCountry "ESP"]
[Source "lmi"]
[SourceDate "2016.09.25"]

1. d4 Nf6 2. c4 d5 3. cxd5 Qxd5 4. Nc3 Qd8 5. Nf3 e6 6. Bf4 Bb4 7. Qb3 Bxc3+ 8.
Qxc3 Nd5 9. Qd2 Nxf4 10. Qxf4 O-O 11. Rc1 c6 12. Qd2 Nd7 13. e4 Nf6 14. Bd3 Bd7
15. e5 Nd5 16. Ng5 g6 17. h4 f6 18. Nxh7 Kxh7 19. h5 Rh8 20. hxg6+ Kg7 21. Ke2
f5 22. Rh7+ Rxh7 23. gxh7 Qh4 24. Rg1 Nf4+ 25. Kf1 Nxd3 26. Qxd3 Rh8 27. g4 f4
28. Qe4 Qh3+ 29. Ke2 Qxh7 30. Qxf4 Rf8 31. Qc1 Qe4+ 32. Qe3 Qc2+ 33. Kf1 Qd1+
34. Kg2 Qc2 35. Rh1 Qg6 36. f3 Rh8 37. Rxh8 Kxh8 38. Qa3 Qc2+ 39. Kg3 c5 40.
Qa5 Qa4 41. Qxc5 Kg8 42. Qe7 Qxd4 43. Qg5+ Kf7 44. Qf6+ Ke8 45. Qh8+ Ke7 46.
Qf6+ Ke8 47. Qh8+ Ke7 1/2-1/2

[Event "27. Torneo San Viator 2016 - Troneo B"]
[Site "Madrid ESP"]
[Date "2016.10.16"]
[Round "5.7"]
[White "Fernandez Rodriguez, Alberto"]
[Black "Mateos Cordero, Francisco"]
[Result "0-1"]
[WhiteElo "1509"]
[BlackElo "1637"]
[PlyCount "55"]
[EventDate "2016.09.25"]
[EventType "swiss"]
[EventRounds "9"]
[EventCountry "ESP"]
[Source "lmi"]
[SourceDate "2016.09.25"]

1. d4 d5 2. e3 Nf6 3. Nf3 g6 4. Bd3 Bg7 5. O-O O-O 6. Nbd2 Re8 7. Ne5 Nbd7 8.
f4 c5 9. b3 cxd4 10. exd4 Qc7 11. Bb2 Nb6 12. f5 g5 13. Ng4 Nbd7 14. Nxf6+ Nxf6
15. Nf3 Ng4 16. Ne5 Ne3 17. Qh5 Bxe5 18. f6 Bxh2+ 19. Kh1 exf6 20. Qxh7+ Kf8
21. Ba3+ Bd6 22. Bxd6+ Qxd6 23. Rfe1 Ke7 24. Rxe3+ Be6 25. Kg1 Rh8 26. Rxe6+
Qxe6 27. Qf5 Qe3+ 28. Qf2 0-1

[Event "27. Torneo San Viator 2016 - Troneo B"]
[Site "Madrid ESP"]
[Date "2016.10.16"]
[Round "5.9"]
[White "Fernandez Garcia, Emilio"]
[Black "Simon Escalona, Irene"]
[Result "1-0"]
[WhiteElo "1614"]
[BlackElo "1488"]
[PlyCount "75"]
[EventDate "2016.09.25"]
[EventType "swiss"]
[EventRounds "9"]
[EventCountry "ESP"]
[Source "lmi"]
[SourceDate "2016.09.25"]

1. d4 d5 2. c4 e6 3. Nf3 Nf6 4. Bg5 Be7 5. Nc3 h6 6. Bf4 a6 7. e3 O-O 8. h3
Nbd7 9. Rc1 c5 10. cxd5 exd5 11. Bd3 c4 12. Bb1 b5 13. O-O b4 14. Ne2 Re8 15.
Nd2 Nb6 16. f3 Bd6 17. Bxd6 Qxd6 18. e4 Qd7 19. e5 Nh7 20. Ng3 Na4 21. Qc2 Nf8
22. Rf2 Nb6 23. Ndf1 Qd8 24. Ne3 a5 25. f4 a4 26. Qd2 b3 27. a3 Qe7 28. Ngf5
Bxf5 29. Nxf5 Qc7 30. Rc3 Ra6 31. Rg3 Ng6 32. Nd6 Rd8 33. f5 Rxd6 34. exd6 Qxd6
35. Qe3 Nf8 36. f6 Ne6 37. Qxh6 Qxg3 38. Qh7+ 1-0

[Event "27. Torneo San Viator 2016 - Troneo B"]
[Site "Madrid ESP"]
[Date "2016.10.16"]
[Round "5.10"]
[White "Fogue Angelina, Hugo"]
[Black "Aguilera Prada, Alejandro"]
[Result "0-1"]
[WhiteElo "1583"]
[BlackElo "1459"]
[PlyCount "126"]
[EventDate "2016.09.25"]
[EventType "swiss"]
[EventRounds "9"]
[EventCountry "ESP"]
[Source "lmi"]
[SourceDate "2016.09.25"]

1. e4 d6 2. d4 Nf6 3. Nc3 g6 4. Nf3 Bg7 5. Be2 O-O 6. O-O Nbd7 7. Re1 e5 8. Bg5
h6 9. Bh4 g5 10. Bg3 Nh5 11. Qd2 Nxg3 12. hxg3 exd4 13. Nxd4 Ne5 14. Nf3 f5 15.
exf5 Bxf5 16. Nxe5 dxe5 17. Rad1 Qf6 18. Bc4+ Be6 19. Bxe6+ Qxe6 20. Qd5 Qxd5
21. Nxd5 Rf7 22. Re2 Kh8 23. Ne3 Raf8 24. b3 e4 25. g4 b5 26. Rd5 a6 27. Rf5
Bd4 28. Rxf7 Rxf7 29. Nf5 Bb6 30. Rxe4 h5 31. Re8+ Kh7 32. Re7 Rxe7 33. Nxe7
hxg4 34. Nd5 Kg6 35. Nxb6 cxb6 36. Kf1 b4 37. Ke2 Kf5 38. Kd3 b5 39. Kd4 Kf4
40. g3+ Kf3 41. Kc5 Kxf2 42. Kxb4 Kxg3 43. c4 Kf3 44. c5 g3 45. c6 g2 46. c7
g1=Q 47. c8=Q Qe1+ 48. Ka3 Qa5+ 49. Kb2 Qd2+ 50. Ka3 b4+ 51. Ka4 Qxa2+ 52. Kxb4
Qd2+ 53. Ka3 Qa5+ 54. Kb2 g4 55. Qc6+ Kf2 56. Qc2+ Ke3 57. Kb1 Qe1+ 58. Ka2 Qd2
59. Qxd2+ Kxd2 60. Ka3 g3 61. Ka4 g2 62. Ka5 g1=Q 63. b4 Qa7 0-1

[Event "27. Torneo San Viator 2016 - Troneo B"]
[Site "Madrid ESP"]
[Date "2016.10.16"]
[Round "5.11"]
[White "Cortijo Manso, Luis"]
[Black "Rodriguez Nieto, Miguel"]
[Result "0-1"]
[WhiteElo "1504"]
[BlackElo "1749"]
[PlyCount "124"]
[EventDate "2016.09.25"]
[EventType "swiss"]
[EventRounds "9"]
[EventCountry "ESP"]
[Source "lmi"]
[SourceDate "2016.09.25"]

1. Nf3 c5 2. c4 g6 3. g3 Bg7 4. Bg2 Nf6 5. Nc3 Nc6 6. O-O Rb8 7. d4 cxd4 8.
Nxd4 O-O 9. Bf4 Ra8 10. a3 Nxd4 11. Qxd4 Nh5 12. Qe3 Nxf4 13. Qxf4 d6 14. Qd2
Rb8 15. Rab1 b6 16. Rfd1 Bb7 17. e4 Rc8 18. b3 Bxc3 19. Qxc3 Qc7 20. Qe3 Qc5
21. Qxc5 Rxc5 22. a4 f5 23. exf5 Bxg2 24. Kxg2 Rcxf5 25. Rb2 a5 26. Re1 R8f7
27. Re3 Kf8 28. Re6 Rf3 29. Re3 Rxe3 30. fxe3 Ke8 31. Rf2 Rg7 32. Kf3 Rf7+ 33.
Ke2 Rxf2+ 34. Kxf2 Kf7 35. Kf3 Kf6 36. Kf4 e6 37. h4 h5 38. e4 e5+ 39. Kf3 g5
40. g4 hxg4+ 41. Kxg4 gxh4 42. Kxh4 Ke7 43. Kg5 Kd7 44. Kf5 Kc6 45. Ke6 Kc5 46.
Kd7 Kd4 47. Kxd6 Kxe4 48. Kc6 Kd3 49. Kxb6 e4 50. c5 e3 51. c6 e2 52. c7 e1=Q
53. c8=Q Qb4+ 54. Kc6 Qc3+ 55. Kd7 Qxc8+ 56. Kxc8 Kc3 57. Kb7 Kxb3 58. Kb6 Kxa4
59. Kc5 Kb3 60. Kd4 a4 61. Kd3 a3 62. Kd2 a2 0-1

[Event "27. Torneo San Viator 2016 - Troneo B"]
[Site "Madrid ESP"]
[Date "2016.10.16"]
[Round "5.12"]
[White "Blasco Gallardo, Francisco"]
[Black "Perez Sempere, Alberto"]
[Result "0-1"]
[WhiteElo "1438"]
[BlackElo "1748"]
[PlyCount "106"]
[EventDate "2016.09.25"]
[EventType "swiss"]
[EventRounds "9"]
[EventCountry "ESP"]
[Source "lmi"]
[SourceDate "2016.09.25"]

1. d4 d5 2. c3 Nf6 3. Bf4 e6 4. Nf3 Nbd7 5. Nbd2 c5 6. e3 c4 7. a4 b6 8. b3
cxb3 9. Qxb3 Be7 10. Ne5 Bb7 11. a5 Rc8 12. a6 Ba8 13. Bb5 O-O 14. Nxd7 Nxd7
15. O-O Nf6 16. c4 dxc4 17. Nxc4 Qd5 18. f3 Nh5 19. Bg3 Nxg3 20. hxg3 Bf6 21.
Nd2 Rfd8 22. Rac1 Qg5 23. Kf2 Rxc1 24. Rxc1 Bxd4 25. Bd7 Rxd7 26. Rc8+ Rd8 27.
Rxd8+ Qxd8 28. exd4 Qxd4+ 29. Ke2 Bd5 30. Qc2 Qc5 31. Qa4 Bc6 32. Qf4 Bb5+ 33.
Kd1 Qc8 34. Ne4 Bd3 35. Qxf7+ Kxf7 36. Nd6+ Ke7 37. Nxc8+ Kd7 38. Nxb6+ Kc7 39.
Na4 Bxa6 40. Kd2 Bf1 41. Ke3 Bxg2 42. Kf2 Bh3 43. g4 g6 44. Nc5 Kd6 45. Ne4+
Ke5 46. Ng5 a5 47. Ke3 Bg2 48. Nxh7 Bxf3 49. g5 a4 50. Nf8 a3 51. Nxg6+ Kf5 52.
Nf4 a2 53. Kxf3 a1=Q 0-1

[Event "27. Torneo San Viator 2016 - Troneo B"]
[Site "Madrid ESP"]
[Date "2016.10.16"]
[Round "5.13"]
[White "San Felipe Gonzalez, Tomas"]
[Black "Lopez Martin, Israel"]
[Result "1-0"]
[WhiteElo "1712"]
[BlackElo "1478"]
[PlyCount "88"]
[EventDate "2016.09.25"]
[EventType "swiss"]
[EventRounds "9"]
[EventCountry "ESP"]
[Source "lmi"]
[SourceDate "2016.09.25"]

1. d4 d5 2. c4 c6 3. cxd5 cxd5 4. Nc3 Nf6 5. Bf4 e6 6. e3 Be7 7. Bd3 Bd7 8. Nf3
Nc6 9. h3 Rc8 10. Rc1 a6 11. O-O Nb4 12. Bb1 Qb6 13. Qb3 Qd8 14. a3 Nc6 15.
Qxb7 Ra8 16. Qc7 Qxc7 17. Bxc7 O-O 18. Bd3 a5 19. Rc2 Rfc8 20. Bg3 h6 21. Rfc1
Ne8 22. Nb5 f6 23. Nh4 Bd8 24. Nd6 Nxd6 25. Bxd6 Bc7 26. Bxc7 Rxc7 27. Bb5 Rac8
28. Ng6 Kf7 29. Nf4 Ke7 30. Ba6 Rb8 31. Bd3 g5 32. Ne2 Rb3 33. Nc3 Rcb7 34. Na4
Rc7 35. Nc5 Rb6 36. Kf1 h5 37. Ke1 h4 38. Be2 Be8 39. b3 Bg6 40. Rc3 Kd6 41.
Kd2 Rh7 42. Na4 Nb4 43. Nxb6 Na2 44. Rc6+ Ke7 1-0

[Event "27. Torneo San Viator 2016 - Troneo B"]
[Site "Madrid ESP"]
[Date "2016.10.16"]
[Round "5.14"]
[White "Cuerda Montagud, Tomas"]
[Black "Sanchez Ortega, Ivan"]
[Result "0-1"]
[WhiteElo "1416"]
[BlackElo "1673"]
[PlyCount "92"]
[EventDate "2016.09.25"]
[EventType "swiss"]
[EventRounds "9"]
[EventCountry "ESP"]
[Source "lmi"]
[SourceDate "2016.09.25"]

1. e4 e5 2. Nf3 Nc6 3. d4 exd4 4. Nxd4 Bc5 5. Nxc6 Qf6 6. Qd2 dxc6 7. Bd3 Ne7
8. O-O Ng6 9. Qg5 Qxg5 10. Bxg5 f6 11. Bd2 Be6 12. Nc3 O-O-O 13. Na4 Be7 14.
Be3 a6 15. Nc5 Bxc5 16. Bxc5 Ne5 17. Rfd1 Rd7 18. Be2 Rhd8 19. b3 Rd2 20. Rxd2
Rxd2 21. Bd1 b6 22. Be3 Rd7 23. Be2 Kb7 24. Rd1 a5 25. Rxd7 Nxd7 26. a4 Ne5 27.
h3 c5 28. f4 Nf7 29. f5 Bd7 30. Kf2 Bc6 31. Kf3 Nd6 32. Kf4 Bxe4 33. Bf3 Bxf3
34. gxf3 c4 35. Bd4 Kc6 36. h4 Kd5 37. Bc3 cxb3 38. cxb3 c5 39. h5 h6 40. Kg4
Nf7 41. Kf4 Nd8 42. Kg4 Nc6 43. Kf4 Nd4 44. Bxd4 Kxd4 45. Kg3 Kc3 46. Kf4 Kxb3
0-1

[Event "27. Torneo San Viator 2016 - Troneo B"]
[Site "Madrid ESP"]
[Date "2016.10.16"]
[Round "5.15"]
[White "Ramos Antona, Enrique"]
[Black "Carnero Barbulo, Daniel"]
[Result "1-0"]
[WhiteElo "1613"]
[BlackElo "1325"]
[PlyCount "83"]
[EventDate "2016.09.25"]
[EventType "swiss"]
[EventRounds "9"]
[EventCountry "ESP"]
[Source "lmi"]
[SourceDate "2016.09.25"]

1. d4 Nf6 2. c4 g6 3. Nc3 Bg7 4. e4 d6 5. Nf3 O-O 6. Be2 e5 7. O-O Nc6 8. Bg5
Re8 9. h3 Ne7 10. dxe5 dxe5 11. Qc2 Nd7 12. Rad1 c6 13. b4 Qc7 14. Nd2 Bf6 15.
Be3 b5 16. c5 a5 17. a3 axb4 18. axb4 Nb8 19. Nb3 Na6 20. Na2 Be6 21. Rd6 Bg7
22. Rfd1 Nc8 23. R6d2 f5 24. exf5 Bxf5 25. Bd3 e4 26. Be2 Ne7 27. Nd4 Nd5 28.
Qb3 Bxd4 29. Rxd4 Qf7 30. Qb2 Nxe3 31. fxe3 Rf8 32. Rf1 Qg7 33. Qd2 h5 34. Nc3
Kh7 35. Nxe4 Ra7 36. Ng5+ Kh8 37. e4 Bc8 38. Rxf8+ Qxf8 39. Rd8 Kg7 40. Rxf8
Rd7 41. Ne6+ Kh7 42. Qc3 1-0

[Event "27. Torneo San Viator 2016 - Troneo B"]
[Site "Madrid ESP"]
[Date "2016.10.16"]
[Round "5.16"]
[White "Del Rio Perezagua, Mario"]
[Black "Lopez Nunez, Alonso"]
[Result "1-0"]
[WhiteElo "1600"]
[BlackElo "1361"]
[PlyCount "125"]
[EventDate "2016.09.25"]
[EventType "swiss"]
[EventRounds "9"]
[EventCountry "ESP"]
[Source "lmi"]
[SourceDate "2016.09.25"]

1. Nf3 b6 2. g3 Bb7 3. Bg2 Nf6 4. O-O c5 5. d3 Nc6 6. c3 e6 7. e4 d6 8. Nbd2
Ne5 9. Qe2 Ba6 10. Ne1 Qc7 11. f4 Nc6 12. Nef3 Be7 13. a4 O-O 14. Nc4 Bxc4 15.
dxc4 Rfd8 16. e5 Ne8 17. exd6 Nxd6 18. Ne5 Nxe5 19. fxe5 Nb7 20. Qf3 Rab8 21.
Qxf7+ Kh8 22. Qxe6 Rf8 23. Rxf8+ Rxf8 24. Be3 Nd8 25. Qd5 Nf7 26. e6 Rd8 27.
Qc6 Qxc6 28. Bxc6 Ne5 29. Bd5 Ng4 30. Bf4 Nf6 31. Rd1 Kg8 32. Kg2 Kf8 33. Kf3
Bd6 34. Bxd6+ Rxd6 35. g4 Ke7 36. h3 Ne8 37. Re1 Nc7 38. Re5 g6 39. Kf4 Ne8 40.
Kg5 Nf6 41. Kh6 Rd8 42. g5 Nh5 43. Kxh7 Nf4 44. h4 Nd3 45. Re4 Nxb2 46. Kxg6
Nxa4 47. Re3 a5 48. h5 Rg8+ 49. Kh6 Rh8+ 50. Kg6 Rg8+ 51. Kf5 Nb2 52. h6 a4 53.
h7 Ra8 54. g6 a3 55. g7 a2 56. Re1 a1=Q 57. Rxa1 Rxa1 58. g8=Q Rf1+ 59. Ke4
Re1+ 60. Kf3 Rf1+ 61. Ke2 Rf5 62. Qg7+ Kd6 63. h8=Q 1-0

[Event "27. Torneo San Viator 2016 - Troneo B"]
[Site "Madrid ESP"]
[Date "2016.10.16"]
[Round "5.17"]
[White "Arevalo Estriegana, Jorge"]
[Black "Salgado Duarte, Pablo"]
[Result "1-0"]
[WhiteElo "1273"]
[BlackElo "1571"]
[PlyCount "95"]
[EventDate "2016.09.25"]
[EventType "swiss"]
[EventRounds "9"]
[EventCountry "ESP"]
[Source "lmi"]
[SourceDate "2016.09.25"]

1. d4 d5 2. Nf3 Nf6 3. Bf4 Nc6 4. e3 a6 5. Bd3 Bg4 6. Nbd2 e6 7. O-O Bd6 8. Bg3
O-O 9. Bh4 Be7 10. c4 e5 11. Bxf6 Bxf3 12. Bxe7 Qxe7 13. Qxf3 e4 14. Nxe4 dxe4
15. Qxe4 g6 16. Qxe7 Nxe7 17. Be4 c6 18. Rac1 Rfe8 19. Rc3 Nc8 20. Bf3 Nd6 21.
Rfc1 Re7 22. Rb3 Rae8 23. h3 Nf5 24. Rd1 Nd6 25. Rc3 Rb8 26. c5 Ne8 27. Rb3 Rc7
28. Rdd3 Ng7 29. Rb6 Ne6 30. Rdb3 Nd8 31. Rxa6 Kf8 32. Rab6 Ra8 33. a3 Rb8 34.
a4 Ke7 35. a5 Ra8 36. Ra3 Kd7 37. Kh2 Ne6 38. Kg3 h6 39. Rab3 Nd8 40. Ra3 Ne6
41. Kh2 Nd8 42. g4 h5 43. b4 Ne6 44. d5 cxd5 45. Bxd5 Nd8 46. Rd3 Kc8 47. Rd4
Ra7 48. g5 1-0

[Event "27. Torneo San Viator 2016 - Troneo B"]
[Site "Madrid ESP"]
[Date "2016.10.16"]
[Round "5.18"]
[White "Garcia Pumarega, Alejandro"]
[Black "Alcojor Patilla, Antonio"]
[Result "1/2-1/2"]
[WhiteElo "1315"]
[BlackElo "1521"]
[PlyCount "100"]
[EventDate "2016.09.25"]
[EventType "swiss"]
[EventRounds "9"]
[EventCountry "ESP"]
[Source "lmi"]
[SourceDate "2016.09.25"]

1. d4 d6 2. c4 Nf6 3. Nc3 g6 4. e4 Bg7 5. Nf3 O-O 6. Be2 c5 7. d5 Nbd7 8. h3 b6
9. O-O Ba6 10. Re1 Ne8 11. Be3 Ne5 12. Nxe5 dxe5 13. Qd2 Nd6 14. b3 f5 15. exf5
Nxf5 16. Bg4 Nxe3 17. Qxe3 Bc8 18. Be6+ Bxe6 19. dxe6 Qd6 20. Nd5 Rad8 21. Qg5
Qxe6 22. Qxe7 Qxe7 23. Nxe7+ Kh8 24. Nc6 Rd2 25. Rf1 e4 26. Rae1 Re8 27. Nxa7
Rxa2 28. Nb5 Rd2 29. Rd1 Rd3 30. Rxd3 exd3 31. Rd1 Rd8 32. f3 d2 33. g3 Rd3 34.
Kf2 Bh6 35. f4 Kg7 36. Na3 Rxb3 37. Nb1 Kf7 38. Nxd2 Rc3 39. Ne4 Rc2+ 40. Rd2
Rxd2+ 41. Nxd2 Bg7 42. Ke3 Ke6 43. Ke4 Bc3 44. Nf3 Kd6 45. g4 Bf6 46. Ne5 Bxe5
47. fxe5+ Kc6 48. Kd3 b5 49. cxb5+ Kxb5 50. Kc3 h6 1/2-1/2

[Event "27. Torneo San Viator 2016 - Troneo B"]
[Site "Madrid ESP"]
[Date "2016.10.16"]
[Round "5.19"]
[White "Marcelo De La Mata, Daniel"]
[Black "Periotto Miori, Caterina"]
[Result "1-0"]
[WhiteElo "1661"]
[BlackElo "1151"]
[PlyCount "71"]
[EventDate "2016.09.25"]
[EventType "swiss"]
[EventRounds "9"]
[EventCountry "ESP"]
[Source "lmi"]
[SourceDate "2016.09.25"]

1. e4 c5 2. Nf3 d6 3. g3 Nc6 4. Bg2 g6 5. Nc3 Bg7 6. O-O e6 7. d3 Nge7 8. Nh4
O-O 9. f4 a6 10. Be3 Rb8 11. Rb1 Nd4 12. Ne2 Ndc6 13. c3 f5 14. exf5 exf5 15.
d4 cxd4 16. Nxd4 Qc7 17. Qb3+ Kh8 18. Ne6 Bxe6 19. Qxe6 Rbd8 20. Qb3 b5 21.
Rbd1 Rfe8 22. Rfe1 Qd7 23. Nf3 Na5 24. Qc2 Nc4 25. Bf2 Qc7 26. Ng5 Rc8 27. Ne6
Qb8 28. Nxg7 Kxg7 29. b3 Nb6 30. Qd3 Rcd8 31. Qd4+ Kg8 32. Qxb6 Qc8 33. Rxd6
Rxd6 34. Qxd6 Kf8 35. Bd5 a5 36. Qf6# 1-0

[Event "27. Torneo San Viator 2016 - Troneo B"]
[Site "Madrid ESP"]
[Date "2016.10.16"]
[Round "5.20"]
[White "Blanco Martin, Oscar"]
[Black "Tudela Garcia, Antonio"]
[Result "1/2-1/2"]
[WhiteElo "1315"]
[BlackElo "1648"]
[PlyCount "61"]
[EventDate "2016.09.25"]
[EventType "swiss"]
[EventRounds "9"]
[EventCountry "ESP"]
[Source "lmi"]
[SourceDate "2016.09.25"]

1. e4 e5 2. Nf3 Nc6 3. Bb5 a6 4. Ba4 Nf6 5. O-O Be7 6. d4 b5 7. Bb3 d6 8. dxe5
Nxe5 9. Nxe5 dxe5 10. Qxd8+ Bxd8 11. Be3 Bb7 12. f3 Be7 13. Nc3 O-O 14. Rfd1
Rad8 15. Rxd8 Rxd8 16. Rd1 Rxd1+ 17. Nxd1 b4 18. Nf2 Nd7 19. Nd3 a5 20. Kf2 Kf8
21. Ke2 Bd6 22. Kd2 Ke7 23. c3 c5 24. Ba4 Ba6 25. Bxd7 Bxd3 26. Kxd3 Kxd7 27.
cxb4 cxb4 28. Kc4 Kc6 29. b3 g6 30. g4 f6 31. h4 1/2-1/2

[Event "27. Torneo San Viator 2016 - Troneo B"]
[Site "Madrid ESP"]
[Date "2016.10.16"]
[Round "5.21"]
[White "Alameda Arellano, Cristeto"]
[Black "Horcajuelo Rocamora, Martin"]
[Result "0-1"]
[WhiteElo "1550"]
[BlackElo "1326"]
[PlyCount "104"]
[EventDate "2016.09.25"]
[EventType "swiss"]
[EventRounds "9"]
[EventCountry "ESP"]
[Source "lmi"]
[SourceDate "2016.09.25"]

1. d4 Nf6 2. Bf4 g6 3. Nf3 Bg7 4. Nbd2 O-O 5. e3 d6 6. Be2 Bg4 7. h3 Bxf3 8.
Nxf3 c5 9. c3 Nc6 10. O-O a6 11. dxc5 dxc5 12. Qb3 b5 13. Rfd1 Qb6 14. Qc2 Nh5
15. Bh2 f5 16. Qb3+ Kh8 17. Ng5 c4 18. Bxc4 Na5 19. Qb4 Nxc4 20. Qxe7 Qf6 21.
Qxf6 Bxf6 22. Ne6 Rg8 23. b3 Ne5 24. Rd5 Nf7 25. Rd7 Rae8 26. Nc7 Re7 27. Rd3
Ne5 28. Bxe5 Bxe5 29. Nxa6 f4 30. e4 Rc8 31. Rc1 Nf6 32. f3 Ra7 33. Nb4 Rac7
34. Nd5 Nxd5 35. exd5 Rxc3 36. Rcd1 Rc1 37. d6 Rxd1+ 38. Rxd1 Rd8 39. d7 Kg7
40. Rd5 Bf6 41. Kf1 b4 42. Ke2 Kf7 43. Kd3 Ke7 44. Ke4 g5 45. Kf5 h6 46. Kg6
Rg8+ 47. Kf5 Kf7 48. Rd6 Be7 49. Rxh6 Bd8 50. Rh7+ Kf8 51. h4 gxh4 52. Rxh4
Bxh4 0-1

[Event "27. Torneo San Viator 2016 - Troneo B"]
[Site "Madrid ESP"]
[Date "2016.10.16"]
[Round "5.22"]
[White "Pastor Martinez, Mario"]
[Black "Tenorio Garcia, Joel"]
[Result "1-0"]
[WhiteElo "1475"]
[BlackElo "1338"]
[PlyCount "77"]
[EventDate "2016.09.25"]
[EventType "swiss"]
[EventRounds "9"]
[EventCountry "ESP"]
[Source "lmi"]
[SourceDate "2016.09.25"]

1. c4 Nf6 2. Nf3 g6 3. g3 Bg7 4. Bg2 O-O 5. Nc3 d5 6. e3 dxc4 7. Qa4 Bf5 8.
Qxc4 Bd3 9. Qb3 Qc8 10. Ne5 Ba6 11. d3 Rd8 12. O-O e6 13. Rd1 Nbd7 14. Nxd7
Qxd7 15. d4 Nd5 16. Nxd5 exd5 17. Bf1 Bxf1 18. Kxf1 Qh3+ 19. Kg1 Qg4 20. Bd2 b6
21. Rdc1 Rac8 22. Bb4 Qd7 23. a4 a5 24. Ba3 Rb8 25. Qc2 Rdc8 26. Qc6 Qxc6 27.
Rxc6 b5 28. axb5 Rxb5 29. Rac1 Rb7 30. R1c5 Bf8 31. Rxa5 Bxa3 32. bxa3 Rd8 33.
Rcc5 Rb3 34. Rxc7 Kf8 35. Raa7 f5 36. Rxh7 Kg8 37. Rhg7+ Kf8 38. Rxg6 Ke8 39.
Rg8# 1-0

[Event "27. Torneo San Viator 2016 - Troneo B"]
[Site "Madrid ESP"]
[Date "2016.10.16"]
[Round "5.23"]
[White "Santos Burkholz, Mario"]
[Black "Mora Gonzalez-Rojas, Francisco"]
[Result "1-0"]
[WhiteElo "1471"]
[BlackElo "1283"]
[PlyCount "101"]
[EventDate "2016.09.25"]
[EventType "swiss"]
[EventRounds "9"]
[EventCountry "ESP"]
[Source "lmi"]
[SourceDate "2016.09.25"]

1. e4 e5 2. Nf3 d6 3. d4 exd4 4. Nxd4 Nf6 5. Nc3 Bg4 6. f3 Bh5 7. Bc4 h6 8. O-O
Be7 9. Nf5 O-O 10. Qe1 Bg6 11. Nxe7+ Qxe7 12. Qg3 Kh7 13. Ne2 Nh5 14. Qf2 Nd7
15. Be3 Ne5 16. Bb3 c5 17. a3 f5 18. exf5 Bf7 19. Bxf7 Rxf7 20. g4 Nf6 21. Nf4
g5 22. Ne6 Nd5 23. Rad1 Nxe3 24. Qxe3 Nc4 25. Qc3 Ne5 26. Rfe1 a6 27. Kg2 Re8
28. Rd5 b6 29. Red1 Qb7 30. h3 Rd7 31. Qxe5 dxe5 32. Rxd7+ Qxd7 33. Rxd7+ Kh8
34. Rd8 Rxd8 35. Nxd8 Kg7 36. Kf2 Kf6 37. Ke3 Ke7 38. Ne6 a5 39. Ke4 Kd6 40. a4
c4 41. b3 cxb3 42. cxb3 Ke7 43. Kxe5 Kf7 44. f6 Ke8 45. f4 gxf4 46. Nxf4 Kf7
47. Kf5 Kf8 48. Ke6 Ke8 49. f7+ Kf8 50. Kf6 h5 51. Ng6# 1-0

[Event "27. Torneo San Viator 2016 - Troneo B"]
[Site "Madrid ESP"]
[Date "2016.10.16"]
[Round "5.24"]
[White "Gomez Logrosan, Cristian"]
[Black "Berlana San Segundo, Miguel"]
[Result "0-1"]
[WhiteElo "1309"]
[BlackElo "1440"]
[PlyCount "86"]
[EventDate "2016.09.25"]
[EventType "swiss"]
[EventRounds "9"]
[EventCountry "ESP"]
[Source "lmi"]
[SourceDate "2016.09.25"]

1. e4 e6 2. d4 d5 3. exd5 exd5 4. c4 dxc4 5. Bxc4 Nf6 6. Nc3 Bd6 7. Nf3 O-O 8.
O-O Bg4 9. h3 Bh5 10. Be3 Nc6 11. Re1 h6 12. Be2 Re8 13. Rc1 Bb4 14. a3 Bxc3
15. bxc3 Nd5 16. Bd2 Qd6 17. Nh2 Bxe2 18. Rxe2 Rxe2 19. Qxe2 Qxa3 20. Qg4 Nf6
21. Qg3 Qd6 22. Bf4 Qe6 23. Bxc7 Nh5 24. Qg4 Qxg4 25. Nxg4 Rc8 26. Be5 f6 27.
d5 Nxe5 28. Nxe5 fxe5 29. d6 Kf7 30. Rd1 a6 31. Rb1 b5 32. Ra1 Rc6 33. Re1 Rxd6
34. Rxe5 Nf6 35. Rc5 Ke6 36. f4 Ne4 37. Re5+ Kf6 38. Rxe4 Kf5 39. Rb4 Rd3 40.
c4 Rd4 41. Rb1 Rxc4 42. Ra1 Ra4 43. Rf1 Rxf4 0-1

[Event "27. Torneo San Viator 2016 - Troneo B"]
[Site "Madrid ESP"]
[Date "2016.10.16"]
[Round "5.25"]
[White "Palomares Cortez, Facundo Seba"]
[Black "Gallego Romero, Manuel"]
[Result "0-1"]
[WhiteElo "1184"]
[BlackElo "1435"]
[PlyCount "68"]
[EventDate "2016.09.25"]
[EventType "swiss"]
[EventRounds "9"]
[EventCountry "ESP"]
[Source "lmi"]
[SourceDate "2016.09.25"]

1. e4 e5 2. Nf3 Nc6 3. Bc4 h6 4. O-O d6 5. h3 a6 6. c3 Nf6 7. Re1 b5 8. Bb3 Na5
9. Bc2 c5 10. d4 Qc7 11. Be3 Nc4 12. b3 Nxe3 13. Rxe3 Bd7 14. Nbd2 Rc8 15. d5
Be7 16. Qe2 Nh5 17. c4 Qd8 18. Ne1 Nf4 19. Qf1 Bg5 20. g4 h5 21. h4 Bxh4 22.
Ng2 Bg5 23. Nxf4 Bxf4 24. Re2 hxg4 25. f3 Qh4 26. Qg2 g3 27. Nf1 Ke7 28. Ne3
Qg5 29. Nf5+ Bxf5 30. exf5 Rh6 31. cxb5 axb5 32. a4 Rch8 33. axb5 Rh2 34. Qf1
Rh1+ 0-1

[Event "27. Torneo San Viator 2016 - Troneo B"]
[Site "Madrid ESP"]
[Date "2016.10.16"]
[Round "5.26"]
[White "Vicioso Barbadillo, Juan J"]
[Black "Bustos Bernardo, Diego"]
[Result "0-1"]
[WhiteElo "1100"]
[BlackElo "1435"]
[PlyCount "106"]
[EventDate "2016.09.25"]
[EventType "swiss"]
[EventRounds "9"]
[EventCountry "ESP"]
[Source "lmi"]
[SourceDate "2016.09.25"]

1. e4 c5 2. Nf3 d6 3. d4 cxd4 4. Nxd4 Nf6 5. Nc3 a6 6. a3 e6 7. Bg5 Be7 8. Nb3
Qc7 9. Bd3 O-O 10. Qd2 Nc6 11. O-O-O Bd7 12. Rde1 Ne5 13. Re3 h6 14. Bxf6 Bxf6
15. Qe2 Bg5 16. Kb1 Bxe3 17. fxe3 Rac8 18. Qd2 Nc4 19. Bxc4 Qxc4 20. Qxd6 Qc7
21. Qxc7 Rxc7 22. e5 Bc6 23. Rg1 Bd5 24. Nxd5 exd5 25. Rd1 Rd8 26. h4 Kf8 27.
Nd4 g6 28. e6 Re7 29. Rf1 Rd6 30. Rxf7+ Rxf7 31. exf7 Kxf7 32. g4 Kf6 33. Nf3
Re6 34. g5+ hxg5 35. hxg5+ Kf7 36. c3 Rxe3 37. Nd4 Rg3 38. Kc2 Rxg5 39. Nf3
Rg2+ 40. Kb3 Kf6 41. Ne1 Re2 42. Nd3 g5 43. c4 Re3 44. Kc3 Rxd3+ 45. Kxd3 dxc4+
46. Kxc4 Ke5 47. Kd3 b5 48. Ke3 g4 49. Kf2 Kd4 50. b4 Kc3 51. Kg3 Kb3 52. Kxg4
Kxa3 53. Kf3 Kxb4 0-1